The survival of small states: (Record no. 542748)

000 -LEADER
fixed length control field 00502nam a2200157 4500
020 ## - INTERNATIONAL STANDARD BOOK NUMBER
International Standard Book Number 0192153455
082 00 - DEWEY DECIMAL CLASSIFICATION NUMBER
Classification number 327
Author Mark VIT
-- L-6,P-27
100 1# - MAIN ENTRY--PERSONAL NAME
Personal name Vital, David.
9 (RLIN) 38065
245 14 - TITLE STATEMENT
Title The survival of small states:
Remainder of title studies in small power/great power conflict.
260 ## - PUBLICATION, DISTRIBUTION, ETC.
Place of publication, distribution, etc. London,
-- New York,
Name of publisher, distributor, etc. Oxford University Press,
Date of publication, distribution, etc. 1971.
300 ## - PHYSICAL DESCRIPTION
Extent vii, 136 p.
Dimensions 23 cm.
526 ## - STUDY PROGRAM INFORMATION NOTE
Program name 0
Interest level 0
Reading level 0
Title point value 327_000000000000000_VIT
650 #0 - SUBJECT ADDED ENTRY--TOPICAL TERM
Topical term or geographic name entry element MCE
9 (RLIN) 379
650 #0 - SUBJECT ADDED ENTRY--TOPICAL TERM
Topical term or geographic name entry element States, Small
General subdivision Case studies.
9 (RLIN) 38066
942 ## - ADDED ENTRY ELEMENTS (KOHA)
Source of classification or shelving scheme
Koha item type Book
Holdings
Withdrawn status Lost status Source of classification or shelving scheme Damaged status Not for loan Permanent Location Current Location Date acquired Total Checkouts Full call number Barcode Date last seen Price effective from Koha item type
          Military College of Engineering (MCE) Military College of Engineering (MCE) 02/14/2014   327 VIT MCE-5379/1 02/14/2014 02/14/2014 Book
© 2023 Central Library, National University of Sciences and Technology. All Rights Reserved.